Sagas - One Piece - Statistics

Estatísticas Gerais
  • Esse quiz foi jogado 228 vezes
  • A pontuação média é 9 de 11
Estatísticas das Respostas
Resposta % Correto
Alabasta
94%
País de Wano
93%
East Blue
86%
Aliança Pirata
85%
Guerra de Marineford
84%
Water 7
83%
Final
80%
Ilha Whole Cake
80%
Skypiea
80%
Thriller Bark
75%
Ilha dos Homens-Peixe
68%
Nenhum quiz correspondente encontrado
Distribuição das Pontuações
Porcentagem de Pessoas com Cada Pontuação
Percentil de Números Respondidos
Sua Pontuação Histórica
Você não jogou esse quiz